गढ़े हुए घरौंदे / (Record no. 117653)

MARC details
000 -LEADER
fixed length control field 01039nam a22002537a 4500
005 - DATE AND TIME OF LATEST TRANSACTION
control field 20170124103059.0
010 ## - LIBRARY OF CONGRESS CONTROL NUMBER
LC control number B-053081
020 ## - INTERNATIONAL STANDARD BOOK NUMBER
Terms of availability 125.00
International Standard Book Number 8171490271
035 ## - SYSTEM CONTROL NUMBER
System control number B-053081
037 ## - SOURCE OF ACQUISITION
Source of stock number/acquisition Cen Lib/Ret
040 ## - CATALOGING SOURCE
Original cataloging agency DPL
Language of cataloging HN
082 ## - DEWEY DECIMAL CLASSIFICATION NUMBER
Classification number 821
Item number तिवारी
100 ## - MAIN ENTRY--PERSONAL NAME
Personal name तिवारी, सुनील कुमार
9 (RLIN) 76082
245 ## - TITLE STATEMENT
Title गढ़े हुए घरौंदे /
Statement of responsibility, etc सुनील कुमार तिवारी
246 ## - VARYING FORM OF TITLE
Title proper/short title Garhe huye gharaunde /
Remainder of title by Sunil Kumar Tiwari
260 ## - PUBLICATION, DISTRIBUTION, ETC. (IMPRINT)
Place of publication, distribution, etc दिल्ली
Name of publisher, distributor, etc साहित्य सहकर
Date of publication, distribution, etc 2001
270 ## - ADDRESS
City दिल्ली
Address 29/62-बी, गली-11, विश्वास नगर
Postal code 110032
300 ## - PHYSICAL DESCRIPTION
Extent 96पृ.
Dimensions 21सेमी (सजिल्द)
650 ## - SUBJECT ADDED ENTRY--TOPICAL TERM
Topical term or geographic name as entry element साहित्य--कविता
9 (RLIN) 76083
650 ## - SUBJECT ADDED ENTRY--TOPICAL TERM
Topical term or geographic name as entry element हिन्दी कविताएं
9 (RLIN) 76084
650 ## - SUBJECT ADDED ENTRY--TOPICAL TERM
Topical term or geographic name as entry element Literature--Poem
9 (RLIN) 76085
650 ## - SUBJECT ADDED ENTRY--TOPICAL TERM
Topical term or geographic name as entry element Hindi poems
9 (RLIN) 76086
942 ## - ADDED ENTRY ELEMENTS (KOHA)
Source of classification or shelving scheme Dewey Decimal Classification
Koha item type Hindi Books
Classification part 821
Call number suffix तिवारी
Holdings
Withdrawn status Lost status Damaged status Not for loan Home library Current library Date acquired Source of acquisition Cost, normal purchase price Total Checkouts Full call number Barcode Date last seen Copy number Cost, replacement price Price effective from Koha item type
        Central Library Central Library 07/09/2015 Cen Lib/Ret 125.00   821 तिवारी B-053081 07/09/2015 1 125.00 07/09/2015 Hindi Books

© Delhi Public Library
Hit Counter
free hit counter